Dua Lipa - Paroles These Walls (feat. Pierre de Maere) - Statistiques

Statistiques générales
  • Ce quiz a été pris 53 fois
  • Le résultat moyen est 293 sur 347
Statistiques - réponses
Hint Réponse % Correct
À
100%
à
100%
c'
100%
C'
100%
(I
100%
m'
100%
s'
100%
the
100%
these
100%
Post-refrain (These
100%
walls
100%
walls,
100%
walls)
100%
(Ah)
98%
(Ah,
98%
ah),
98%
ai
98%
le"
98%
le
98%
me
98%
(Mmh)
98%
Post-refrain Mmh,
98%
no
98%
Pré-refrain Oh,
98%
oh
98%
amour,
95%
amour
95%
au
95%
ça
95%
"Give
95%
(Give
95%
give
95%
J'
95%
j'
95%
tes
95%
to
95%
va
95%
Refrain But
93%
est
93%
if
93%
If
93%
les
93%
Les
93%
mon
93%
qu'
93%
up
93%
up"
93%
up,
93%
up)
93%
up")
93%
bien
90%
could
90%
croire
90%
dans
90%
de
90%
Dis
90%
"Dis
90%
et
90%
gâché,
90%
histoires,
90%
ils
90%
Ils
90%
que
90%
say)
90%
So
90%
sûr
90%
they
90%
tout
90%
Tout
90%
tu
90%
we
90%
aimes
88%
amoureux
88%
beaux
88%
donné
88%
encore,
88%
encore
88%
jours
88%
Pré-refrain Mais
88%
"Plus
88%
talk
88%
this
88%
you
88%
"You
88%
cinéma
85%
comme
85%
"Enough"
85%
font
85%
fort"
85%
habitudes
85%
mes
85%
not
85%
on
85%
On
85%
bras
83%
is
83%
jamais
83%
83%
là,
83%
moi
83%
Moi,
83%
ne
83%
Si
83%
vaincus
83%
And
80%
and
80%
aux
80%
Des
80%
it
80%
je
80%
même
80%
oublier
80%
sont
80%
us
80%
us)
80%
viennent
80%
attends
78%
déchirer
78%
faces
78%
It's
78%
quand
78%
vient
78%
voir
78%
'Cause,
76%
chorégraphiés
76%
love
76%
Couplet 1 : Dua Lipa Maybe
76%
nous
76%
rendez
76%
reviens
76%
vous
76%
dernier
73%
know
73%
know"
73%
know)
73%
tell
73%
baby,
71%
break
71%
("Break
71%
charme
71%
fini,
71%
haut
71%
in
71%
poker
71%
should
71%
when
71%
much
68%
supposed
68%
switch
66%
(They'd
66%
They'd
66%
careers
63%
donnés,
63%
donnés
63%
hurt
61%
"You're
61%
fadin'
59%
fucked"
59%
night
59%
our
56%
tears
54%
ends
51%
Wake
49%
wasted
49%
sayin'
46%
we're
44%
blame
41%
one
39%
all
37%
beats
37%
Couplet 2 : Pierre de Maere Yeah
34%
being
32%
would
27%
Aucun quiz correspondant
Distribution des résultats
% des personnes avec chaque résultat
Percentile par nombre de réponses
Votre historique - résultats
Vous n’avez pas pris ce quiz